Statistics for Baguettes In The Face Lyrics

Click here to take the quiz!

General Stats

  • This quiz has been taken 3 times
  • The average score is 288 of 500

Answer Stats

HintAnswer% Correct
A
100%
Baguettes
100%
Be
100%
Dont
100%
Ever
100%
Face
100%
I
100%
In
100%
Just
100%
Know
100%
Me
100%
Shit
100%
Take
100%
The
100%
To
100%
When
100%
And
67%
Ask
67%
Ass
67%
At
67%
Been
67%
Bitch
67%
Bitches
67%
Boss
67%
Boy
67%
Boyfriend
67%
But
67%
come
67%
Come
67%
Comes
67%
Drippin
67%
Dropped
67%
Easy
67%
Everything
67%
Get
67%
Got
67%
Have
67%
He
67%
Hoes
67%
Im
67%
It
67%
Keep
67%
Look
67%
Louis
67%
Mad
67%
Made
67%
Make
67%
Mustard
67%
On
67%
One
67%
Ones
67%
Puddles
67%
Real
67%
Relax
67%
Ross
67%
Shopping
67%
Some
67%
Talk
67%
Talkin
67%
They
67%
Throwin
67%
Throwing
67%
Time
67%
Took
67%
Virgil
67%
Walk
67%
Want
67%
What
67%
With
67%
You
67%
Your
67%
Always
33%
Back
33%
Body
33%
Break
33%
Dress
33%
Full
33%
Getting
33%
How
33%
If
33%
Lambo
33%
Leave
33%
Man
33%
Might
33%
My
33%
Never
33%
New
33%
Of
33%
Pockets
33%
Pull
33%
She
33%
Showing
33%
That
33%
These
33%
Told
33%
Top
33%
Up
33%
Wack
33%
Wanna
33%
We
33%
Already
0%
Ay
0%
Baby
0%
Backyard
0%
Bad
0%
Bands
0%
Better
0%
Black
0%
Bought
0%
Bracelet
0%
Came
0%
Car
0%
Check
0%
Cool
0%
Could
0%
Diamonds
0%
End
0%
Finally
0%
From
0%
Give
0%
God
0%
Help
0%
Her
0%
Here
0%
Hickies
0%
Iced
0%
Jungle
0%
Knots
0%
Like
0%
Lots
0%
Menage
0%
Mom
0%
Money
0%
x3Nah
0%
Naked
0%
Neck
0%
Necklace
0%
Need
0%
Nicki
0%
No
0%
Number
0%
Off
0%
off
0%
Oh
0%
Old
0%
Out
0%
Over
0%
Pay
0%
Phantom
0%
Pulled
0%
Ride
0%
Safari
0%
Save
0%
School
0%
Seen
0%
Slay
0%
Sloppy
0%
Startin
0%
Still
0%
Thank
0%
Theres
0%
This
0%
Tryna
0%
Tsunami
0%
Understand
0%
Wave
0%
Whats
0%
Yeah
0%

Score Distribution

Percentile by Number Answered

Percent of People with Each Score

Your Score History

You have not taken this quiz